Suite Bergamasque.
Uložené v:
| Hlavný autor: | |
|---|---|
| Médium: | Kniha |
| Jazyk: | French |
| Vydané: |
1970
|
| Tagy: |
Pridať tag
Žiadne tagy, Buďte prvý kto otaguje tento záznam!
|
Titul je dostupný aj v ... 

MARC
| LEADER | 00000nam a2200000 a 4500 | ||
|---|---|---|---|
| 001 | 000161521 | ||
| 005 | 00000000000000.0 | ||
| 008 | 040101s1970 e freo | ||
| 041 | 0 | |a fre | |
| 100 | 1 | |a Debussy, Claude, |d 1862-1918. |4 cmp | |
| 245 | 1 | 0 | |a Suite Bergamasque. |
| 260 | |c 1970 | ||
| 500 | |a Záznam neprešiel kontrolou | ||
| 910 | |a svkkk | ||
| 998 | |a BK | ||
| 090 | |g SCKHL |k Sklad Pribinova 3. posch. |a V.115505 |j 584979 |i 2721179239 |s Absenčne | ||